Le financement de la dépendance en Europe (notice n° 1839391)
[ vue normale ]
| 000 -LEADER | |
|---|---|
| fixed length control field | 01611cam a2200169 4500500 |
| 005 - DATE AND TIME OF LATEST TRANSACTION | |
| control field | 20260329005015.0 |
| 041 ## - LANGUAGE CODE | |
| Language code of text/sound track or separate title | fre |
| 042 ## - AUTHENTICATION CODE | |
| Authentication code | dc |
| 100 10 - MAIN ENTRY--PERSONAL NAME | |
| Personal name | Joël, Marie-Ève |
| Relator term | author |
| 245 00 - TITLE STATEMENT | |
| Title | Le financement de la dépendance en Europe |
| 260 ## - PUBLICATION, DISTRIBUTION, ETC. | |
| Date of publication, distribution, etc. | 1992.<br/> |
| 500 ## - GENERAL NOTE | |
| General note | 52 |
| 520 ## - SUMMARY, ETC. | |
| Summary, etc. | This text examines the historical evolution of scientific research models, from Enlightenment-based fundamental research to contemporary participatory research. Each period addresses specific societal challenges: understanding the world, solving problems, technological innovation, or social transformation. In response to current ecological and democratic crises, it argues for a scientific continuum based on the complementarity of knowledge, integrating citizens and researchers to build sustainable and just solutions. |
| 520 ## - SUMMARY, ETC. | |
| Summary, etc. | Ce texte analyse l’évolution historique des modèles de recherche scientifique, de la recherche fondamentale issue des Lumières à la recherche participative contemporaine. Chaque période répond à des enjeux sociétaux spécifiques : compréhension du monde, résolution de problèmes, innovation technologique ou transformation sociale. Face aux crises écologiques et démocratiques actuelles, il défend un continuum scientifique fondé sur la complémentarité des savoirs, intégrant citoyens et chercheurs pour construire des réponses durables et justes. |
| 786 0# - DATA SOURCE ENTRY | |
| Note | Gérontologie et société | 15 / 60 | 1 | 1992-09-01 | p. 41-58 | 0151-0193 |
| 856 41 - ELECTRONIC LOCATION AND ACCESS | |
| Uniform Resource Identifier | <a href="https://shs.cairn.info/revue-gerontologie-et-societe1-1992-1-page-41?lang=fr&redirect-ssocas=7080">https://shs.cairn.info/revue-gerontologie-et-societe1-1992-1-page-41?lang=fr&redirect-ssocas=7080</a> |
Pas d'exemplaire disponible.




Réseaux sociaux